| 000 | 00400nam a2200133 4500 | ||
|---|---|---|---|
| 008 | 240219b |||||||| |||| 00| 0 eng d | ||
| 245 | _aJournal : Institute of Muslim minority affairs-Vol. IV, no. 1 and 2 (1982) | ||
| 260 |
_aJeddah : _bKing Abdulaziz University, _c1982 |
||
| 300 | _b215 p. | ||
| 650 | _aMuslims | ||
| 650 | _aNon-Islamic countries | ||
| 650 | _aReligious minorities | ||
| 942 | _cCR | ||
| 999 |
_c4765 _d4765 |
||